| 000 | 01290nam0a2200337 4500 | ||
|---|---|---|---|
| 001 | RU\NLR\ONL2\25399 | ||
| 005 | 20260406074546.0 | ||
| 035 | _a(NLR Aleph) 010212354 | ||
| 090 |
_a13535170 _c13535170 |
||
| 100 | _a20121121d1953 u y0rusy50 ca | ||
| 101 | 0 | _aaze | |
| 102 | _aAZ | ||
| 105 | _aa ||||||||| | ||
| 200 | 1 |
_aБөjүк рус ҹәрраhы Н. И. Пирогов (1810-1881) _fдос. Әбдуррәhим Әлиjев |
|
| 210 |
_aБакы _cАзэрнэшр _d1953 |
||
| 215 |
_a48 с. _cпортр., ил. _d20 |
||
| 225 | 1 | _aБөjук рус алимлэри | |
| 320 | _aБиблиогр.: с. 46-47 | ||
| 541 | 1 |
_6z01790 _aВеликий русский хирург Н. И. Пирогов _zrus |
|
| 606 | 0 |
_aХирургия _xИстория _yРоссия _92056429 _3RU\NLR\auth\661233118 |
|
| 686 | 1 | _aР45 г | |
| 700 | 1 |
_aӘлиjев _bӘ. _gӘбдуррәhим _4070 |
|
| 702 | 1 |
_4570 _8rus _7ca _aПирогов _bН. И. _cхирург _f1810-1881 _gНиколай Иванович _3RU\NLR\auth\7734976 _917975 |
|
| 790 | 1 |
_6z01541 _aАлиев _bА. _gАбдуррахим _4070 |
|
| 801 | 0 |
_aRU _bNLR _c20130313 _gPSBO |
|
| 852 |
_aNLR _bОНЛ _jАзерб./2-6815 |
||
| 942 | _cBOOK | ||
| 980 | _aONL_RF | ||
| 980 | _aNB | ||